| 000 | 00624nam a22002057a 4500 | ||
|---|---|---|---|
| 003 | 0 | ||
| 005 | 20250918083011.0 | ||
| 008 | 250918b xxu||||| |||| 00| 0 eng d | ||
| 020 | _a978-1-394-28924-0 | ||
| 050 |
_aQA 76.73.J38 _b.B87 2025 |
||
| 100 |
_aBurd, Barry, _eauthor. |
||
| 245 |
_aJava / _cBarry Burd. |
||
| 250 | _aNinth edition. | ||
| 260 |
_aHoboken, NJ : _bJohn Wiley & Sons, Inc., _c2025. |
||
| 300 |
_axiii, 476 pages : _billustrations ; _c24 cm. |
||
| 504 | _aIncludes index. | ||
| 650 | _aJava (Computer program language). | ||
| 650 | _aObject-oriented programming (Computer science). | ||
| 942 |
_2lcc _cBK |
||
| 999 |
_c368029 _d368029 |
||